00325nam a2200145Ia 4500003000500000008004100005020001800046040001900064082000700083100001800090245002100108260003000129300000800159546001200167STCL181203s9999 xx 000 0 und d a9780415202428 aSTCLbENcSTCL 222 aRudd, Gillian 0aGeoffrey Chaucer bRoutledgeaNew Yorkc2005 a200 aEnglish